[Event "World Cup Knockout ((tie-break)) 2019"]
[Site "Khanty-Mansiysk RUS"]
[Date "2019.09.12"]
[Round "1"]
[White "Petrov, Nikita"]
[Black "Tomashevsky, Evgeny"]
[Result "1/2-1/2"]
[WhiteElo "2586"]
[BlackElo "2718"]
[PlyCount "25"]
[EventDate "2019.09.10"]

1. d4 Nf6 2. Bg5 d5 3. e3 c6 4. Nd2 Bf5 5. Ngf3 Nbd7 6. Be2 h6 7. Bf4 e6 8. O-O
Nh5 9. Be5 Nhf6 10. Bg3 Nh5 11. Be5 Nhf6 12. Bg3 Nh5 13. Be5 1/2-1/2

[Event "World Cup Knockout ((tie-break)) 2019"]
[Site "Khanty-Mansiysk RUS"]
[Date "2019.09.12"]
[Round "1"]
[White "Gelfand, Boris"]
[Black "Lu, Shanglei"]
[Result "1/2-1/2"]
[WhiteElo "2686"]
[BlackElo "2602"]
[PlyCount "70"]
[EventDate "2019.09.10"]

1. d4 Nf6 2. c4 e6 3. Nf3 d5 4. g3 dxc4 5. Bg2 c5 6. O-O Nc6 7. Na3 cxd4 8.
Nxc4 Be7 9. b3 O-O 10. Bb2 d3 11. e3 h6 12. Nfe5 Nxe5 13. Nxe5 Rb8 14. Bd4 Nd7
15. Nxd7 Qxd7 16. Bxa7 Ra8 17. Bd4 Bf6 18. Bxf6 gxf6 19. Qg4+ Kh8 20. Rfd1 Rd8
21. Rd2 Qb5 22. Rad1 e5 23. Qf3 Kg7 24. Bf1 Qb4 25. e4 Be6 26. Rxd3 Rxd3 27.
Bxd3 Rxa2 28. Bc4 Bxc4 29. Qg4+ Kh7 30. Qf5+ Kg7 31. Qg4+ Kh7 32. bxc4 Qxc4 33.
Qf5+ Kg7 34. Qg4+ Kh7 35. Qf5+ Kg7 1/2-1/2

[Event "World Cup Knockout ((tie-break)) 2019"]
[Site "Khanty-Mansiysk RUS"]
[Date "2019.09.12"]
[Round "1"]
[White "Yu, Yangyi"]
[Black "Ghaem Maghami, Ehsan"]
[Result "1/2-1/2"]
[WhiteElo "2763"]
[BlackElo "2544"]
[PlyCount "64"]
[EventDate "2019.09.10"]

1. e4 e5 2. Nf3 Nf6 3. Nxe5 d6 4. Nf3 Nxe4 5. d4 d5 6. Bd3 Be7 7. O-O Bf5 8.
Re1 O-O 9. c4 Nc6 10. cxd5 Qxd5 11. Nc3 Nxc3 12. bxc3 Bxd3 13. Qxd3 Qd7 14. Rb1
b6 15. d5 Rae8 16. Bf4 Na5 17. Ne5 Qc8 18. Re3 Bd6 19. Rbe1 Re7 20. Bg3 Rfe8
21. Nc6 Nxc6 22. dxc6 Rxe3 23. Rxe3 Rxe3 24. Qxe3 Bxg3 25. hxg3 Qd8 26. c4 Qd1+
27. Kh2 Qh5+ 28. Kg1 Qd1+ 29. Kh2 Qh5+ 30. Kg1 Qd1+ 31. Kh2 Qh5+ 32. Kg1 Qd1+
1/2-1/2

[Event "World Cup Knockout ((tie-break)) 2019"]
[Site "Khanty-Mansiysk RUS"]
[Date "2019.09.12"]
[Round "1"]
[White "Nakamura, Hikaru"]
[Black "Bellahcene, Bilel"]
[Result "1-0"]
[WhiteElo "2745"]
[BlackElo "2540"]
[PlyCount "93"]
[EventDate "2019.09.10"]

1. Nf3 Nf6 2. c4 c5 3. Nc3 Nc6 4. d4 cxd4 5. Nxd4 e6 6. e3 d5 7. cxd5 exd5 8.
Bb5 Bd7 9. O-O Bd6 10. Nf3 Be6 11. b3 O-O 12. Bb2 Rc8 13. Be2 a6 14. Rc1 Re8
15. Nd4 Bb8 16. Nxc6 Rxc6 17. Bf3 Qa5 18. Ne2 Qxa2 19. Bxf6 gxf6 20. Rxc6 bxc6
21. Nd4 c5 22. Nxe6 fxe6 23. e4 d4 24. Bh5 Rf8 25. Qg4+ Kh8 26. Qxe6 Qd2 27. g3
Qh6 28. Be2 Rd8 29. Qxa6 Qf8 30. Bd3 Qd6 31. Ra1 Kg7 32. Qxd6 Bxd6 33. Ra7+ Kg8
34. f4 Bb8 35. Ra8 Bc7 36. Rxd8+ Bxd8 37. Kg2 Bc7 38. Kh3 Kg7 39. Kg4 Bd8 40.
Kf5 Kf7 41. e5 fxe5 42. Kxe5 h6 43. Kf5 Kg7 44. g4 Bh4 45. g5 Be1 46. Kg4 hxg5
47. fxg5 1-0

[Event "World Cup Knockout ((tie-break)) 2019"]
[Site "Khanty-Mansiysk RUS"]
[Date "2019.09.12"]
[Round "1"]
[White "Mekhitarian, Krikor Sevag"]
[Black "Andreikin, Dmitry"]
[Result "1/2-1/2"]
[WhiteElo "2558"]
[BlackElo "2741"]
[PlyCount "65"]
[EventDate "2019.09.10"]

1. d4 Nf6 2. c4 e6 3. g3 Bb4+ 4. Nd2 c5 5. a3 Bxd2+ 6. Qxd2 cxd4 7. Nf3 d5 8.
Bg2 dxc4 9. Qxd4 Qxd4 10. Nxd4 O-O 11. Be3 Nd5 12. Rc1 Nxe3 13. fxe3 Nd7 14.
Rxc4 Nf6 15. Rc7 Ne8 16. Rc3 Nf6 17. O-O Rd8 18. Rfc1 e5 19. Nb3 Rb8 20. Na5 e4
21. Rc4 Be6 22. Rd4 g6 23. Rc7 Rdc8 24. Rxc8+ Rxc8 25. Bxe4 Rc1+ 26. Kf2 Bh3
27. Bg2 Ng4+ 28. Kf3 Nxh2+ 29. Kf2 Ng4+ 30. Kf3 Nh2+ 31. Kf2 Ng4+ 32. Kf3 Nh2+
33. Ke4 1/2-1/2

[Event "World Cup Knockout ((tie-break)) 2019"]
[Site "Khanty-Mansiysk RUS"]
[Date "2019.09.12"]
[Round "1"]
[White "Aleksandrov, Aleksej"]
[Black "Le, Quang Liem"]
[Result "1/2-1/2"]
[WhiteElo "2577"]
[BlackElo "2708"]
[PlyCount "146"]
[EventDate "2019.09.10"]

1. d4 d5 2. c4 dxc4 3. e4 Nf6 4. e5 Nd5 5. Bxc4 Bf5 6. Ne2 e6 7. O-O Nb6 8. Bb3
Nc6 9. Nbc3 Qd7 10. Be3 O-O-O 11. Rc1 Kb8 12. Na4 f6 13. Nc5 Bxc5 14. dxc5 Nd5
15. exf6 gxf6 16. Ba4 Qg7 17. Qb3 Na5 18. Qa3 Nxe3 19. Qxe3 Rd3 20. Qf4 Rhd8
21. Rfe1 Bh3 22. Ng3 R8d4 23. Re4 e5 24. Qh4 Rxe4 25. Qxe4 Rd4 26. Qc2 Bc8 27.
Bb5 a6 28. Bd3 Qg5 29. Re1 h5 30. a3 h4 31. Ne4 Qg6 32. f3 Nc6 33. Nf2 f5 34.
Qc3 Rd8 35. b4 Nd4 36. Bf1 Qg7 37. Kh1 Bd7 38. Nd3 Bb5 39. a4 Bxd3 40. Qxd3 Qf6
41. Qe3 e4 42. Qf2 exf3 43. gxf3 a5 44. bxa5 Qc6 45. Rd1 Qxc5 46. a6 Rd6 47.
axb7 Kxb7 48. f4 Ka7 49. h3 Ne6 50. Qxc5+ Nxc5 51. Rc1 Ne4 52. Kg1 Kb6 53. Rb1+
Ka5 54. Bb5 c6 55. Be2 Kxa4 56. Rb8 Rd4 57. Kg2 Ng3 58. Bf3 c5 59. Kf2 Rxf4 60.
Ke3 Rd4 61. Bc6+ Ka3 62. Rb5 f4+ 63. Kf3 c4 64. Ra5+ Kb2 65. Rb5+ Kc2 66. Rb4
Kc3 67. Rb8 Nf5 68. Be4 Nd6 69. Bg6 Kd2 70. Rb2+ Kc3 71. Rb8 Kd2 72. Rb2+ Kc3
73. Rb8 Kd2 1/2-1/2

[Event "World Cup Knockout ((tie-break)) 2019"]
[Site "Khanty-Mansiysk RUS"]
[Date "2019.09.12"]
[Round "1"]
[White "Xu, Xiangyu"]
[Black "Bu, Xiangzhi"]
[Result "1/2-1/2"]
[WhiteElo "2576"]
[BlackElo "2721"]
[PlyCount "67"]
[EventDate "2019.09.10"]

1. e4 e5 2. Nf3 Nf6 3. Nxe5 d6 4. Nf3 Nxe4 5. Nc3 Nxc3 6. dxc3 Be7 7. Be3 Nc6
8. Qd2 Be6 9. O-O-O Qd7 10. h4 Bf6 11. Bg5 Qe7 12. Qf4 h6 13. Bxf6 Qxf6 14.
Qxf6 gxf6 15. Nd4 Nxd4 16. Rxd4 Rg8 17. g3 Rg4 18. Rd3 Ra4 19. a3 Ke7 20. Bg2
c6 21. Re1 d5 22. Rde3 f5 23. Bh3 Re4 24. Kd2 Rg8 25. Rf3 Kf6 26. Bf1 Rxe1 27.
Kxe1 Rg4 28. Kd2 c5 29. Bh3 Re4 30. Bg2 d4 31. cxd4 Rxd4+ 32. Rd3 Rxd3+ 33.
Kxd3 b6 34. Ke3 1/2-1/2

[Event "World Cup Knockout ((tie-break)) 2019"]
[Site "Khanty-Mansiysk RUS"]
[Date "2019.09.12"]
[Round "1"]
[White "Wang, Hao"]
[Black "Pridorozhni, Aleksei"]
[Result "1/2-1/2"]
[WhiteElo "2726"]
[BlackElo "2599"]
[PlyCount "77"]
[EventDate "2019.09.10"]

1. c4 e6 2. Nc3 d5 3. d4 Nf6 4. cxd5 Nxd5 5. e4 Nxc3 6. bxc3 c5 7. Rb1 Be7 8.
Nf3 cxd4 9. cxd4 O-O 10. h4 b6 11. Bd3 Bb7 12. e5 Qd5 13. Rb5 Qd7 14. Be3 Na6
15. Ng5 h6 16. Nh7 Nb4 17. Rxb4 Bxb4+ 18. Kf1 Be7 19. Nxf8 Kxf8 20. Rh3 Rc8 21.
Kg1 Rc3 22. h5 Ke8 23. Rg3 Bf8 24. Qb1 Ra3 25. Rg4 Bd5 26. Bb5 Bc6 27. Bxc6
Qxc6 28. Kh2 Qc4 29. Qh7 Rxa2 30. Qg8 Qe2 31. Rxg7 Qxh5+ 32. Kg3 Ra3 33. Rg4
Qf5 34. Qh8 Ke7 35. Rg8 b5 36. Rxf8 Qg5+ 37. Kf3 Qf5+ 38. Kg3 Qg5+ 39. Kf3
1/2-1/2

[Event "World Cup Knockout ((tie-break)) 2019"]
[Site "Khanty-Mansiysk RUS"]
[Date "2019.09.12"]
[Round "1"]
[White "Matlakov, Maxim"]
[Black "Abdusattorov, Nodirbek"]
[Result "1-0"]
[WhiteElo "2716"]
[BlackElo "2608"]
[PlyCount "85"]
[EventDate "2019.09.10"]

1. e4 c5 2. Nf3 d6 3. d4 cxd4 4. Nxd4 Nf6 5. Nc3 a6 6. g3 e5 7. Nde2 Be7 8. Bg2
b5 9. Nd5 Nbd7 10. Nec3 Bb7 11. O-O O-O 12. Be3 Nxd5 13. Nxd5 Nf6 14. a4 Nxd5
15. exd5 f5 16. axb5 axb5 17. Qd3 Qd7 18. Rfd1 Rxa1 19. Rxa1 Ra8 20. Rxa8+ Bxa8
21. Qb3 Qb7 22. h4 Kf7 23. h5 Bf6 24. Qb4 Ke7 25. g4 e4 26. g5 Be5 27. f4 exf3
28. Bxf3 Qa6 29. Bd4 Kf7 30. Bxe5 dxe5 31. Qc5 Qb7 32. Qd6 Qa7+ 33. Kg2 Qe3 34.
Qd7+ Kf8 35. Qxf5+ Ke8 36. Qc8+ Ke7 37. d6+ Kxd6 38. Qf8+ Kc7 39. Qxg7+ Kb6 40.
Qf6+ Ka5 41. Qd8+ Kb4 42. Qf8+ Kc4 43. Qc8+ 1-0

[Event "World Cup Knockout ((tie-break)) 2019"]
[Site "Khanty-Mansiysk RUS"]
[Date "2019.09.12"]
[Round "1"]
[White "Tomashevsky, Evgeny"]
[Black "Petrov, Nikita"]
[Result "1-0"]
[WhiteElo "2718"]
[BlackElo "2586"]
[PlyCount "201"]
[EventDate "2019.09.10"]

1. d4 Nf6 2. c4 e6 3. Nf3 b6 4. g3 Bb7 5. Bg2 Be7 6. O-O O-O 7. Re1 Ne4 8. Nfd2
d5 9. cxd5 exd5 10. Nxe4 dxe4 11. Nc3 f5 12. Bf4 Nc6 13. Nb5 Bd6 14. Qb3+ Rf7
15. Nxd6 cxd6 16. d5 Ne7 17. Rad1 Ng6 18. Bd2 Rc8 19. f3 Qf6 20. fxe4 fxe4 21.
Rf1 Qd4+ 22. Be3 Rxf1+ 23. Bxf1 Qf6 24. Bh3 Rf8 25. Rf1 Qe5 26. Be6+ Kh8 27.
Qc3 Rxf1+ 28. Kxf1 Qxc3 29. bxc3 Ba6 30. Bg5 Bc4 31. a3 Nf8 32. Bf7 Nd7 33. Kf2
Nf6 34. Bxf6 gxf6 35. Be6 Kg7 36. g4 h6 37. e3 Bd3 38. Kg3 Kg6 39. Kf4 Kg7 40.
Bf5 Kf7 41. Bd7 Bc4 42. Be6+ Kg7 43. Kf5 Bb3 44. Kxe4 Bc2+ 45. Kf4 Bd3 46. h4
Bc2 47. Bd7 Bd3 48. e4 Bc2 49. Be8 Kf8 50. Bc6 Kf7 51. Bb5 Bd1 52. Kf5 Bc2 53.
Bd7 Bd3 54. Kf4 Bc2 55. Be6+ Kg7 56. Ke3 Kf8 57. Kd4 Bb3 58. Bf5 Kf7 59. Kd3
Kg7 60. Ke3 Kf7 61. Kf4 Bc2 62. Bd7 Bd3 63. Be6+ Kg7 64. Ke3 Bc2 65. Kd4 Kf8
66. Kc4 Ba4 67. Kb4 Be8 68. Bc8 Ke7 69. Kc4 Kd8 70. Bf5 Ba4 71. Kd3 Bb3 72. Ke3
Ke7 73. Kf4 Kf7 74. Be6+ Kg7 75. g5 hxg5+ 76. hxg5 Bc2 77. Bf5 fxg5+ 78. Kxg5
Bb3 79. e5 dxe5 80. Be4 Kf7 81. Kf5 Ke7 82. Kxe5 Ba4 83. Bd3 Kd7 84. Bf5+ Ke7
85. d6+ Kd8 86. Kd5 Bb5 87. c4 Ba4 88. c5 bxc5 89. Kxc5 Be8 90. Be6 Ba4 91. Kb4
Bc6 92. Kc5 Ba4 93. Bd5 Be8 94. Bc6 Bh5 95. Kb5 Be2+ 96. Ka5 Bd3 97. Bb5 Be4
98. Ka6 Bf3 99. Kxa7 Be4 100. Kb6 Bf3 101. Bc6 1-0

[Event "World Cup Knockout ((tie-break)) 2019"]
[Site "Khanty-Mansiysk RUS"]
[Date "2019.09.12"]
[Round "1"]
[White "Bu, Xiangzhi"]
[Black "Xu, Xiangyu"]
[Result "0-1"]
[WhiteElo "2721"]
[BlackElo "2576"]
[PlyCount "76"]
[EventDate "2019.09.10"]

1. Nf3 d5 2. d4 Nf6 3. c4 dxc4 4. Qa4+ Nc6 5. e3 Nd7 6. Qxc4 e5 7. dxe5 Ndxe5
8. Nxe5 Nxe5 9. Qb5+ Nc6 10. Nc3 Bd6 11. g3 O-O 12. Bg2 Ne5 13. O-O c6 14. Qe2
Bg4 15. f3 Be6 16. b3 Bb4 17. Bb2 Qa5 18. Ne4 Rad8 19. f4 Bg4 20. Qc2 Nd3 21.
Bd4 c5 22. Bf6 Rd7 23. a3 Be1 24. Raxe1 Nxe1 25. Qb2 Nxg2 26. Bxg7 f5 27. Bxf8
fxe4 28. b4 Qa6 29. Bxc5 Nh4 30. b5 Qg6 31. Qe5 Nf3+ 32. Rxf3 exf3 33. Qb8+ Kf7
34. Qf8+ Ke6 35. e4 Qxe4 36. Qg8+ Kf6 37. Qf8+ Kg6 38. Qg8+ Rg7 0-1

[Event "World Cup Knockout ((tie-break)) 2019"]
[Site "Khanty-Mansiysk RUS"]
[Date "2019.09.12"]
[Round "1"]
[White "Xu, Xiangyu"]
[Black "Bu, Xiangzhi"]
[Result "1/2-1/2"]
[WhiteElo "2576"]
[BlackElo "2721"]
[PlyCount "65"]
[EventDate "2019.09.10"]

1. e4 c5 2. Nc3 a6 3. Nge2 b5 4. d4 cxd4 5. Nxd4 e6 6. Bd3 Bb7 7. O-O Nc6 8.
Nxc6 Bxc6 9. Re1 Ne7 10. a4 b4 11. Nb1 Ng6 12. Nd2 Be7 13. Nc4 O-O 14. Be3 Qc7
15. Qh5 d5 16. exd5 exd5 17. Nd2 Bf6 18. Nf3 Bxb2 19. Ng5 h6 20. Ne6 Qe5 21.
Bg5 Bxa1 22. Rxe5 Nxe5 23. Nxg7 Nxd3 24. Nf5 Rfe8 25. Nxh6+ Kg7 26. Qxf7+ Kh8
27. Bf6+ Bxf6 28. Qxf6+ Kh7 29. Qf7+ Kxh6 30. Qf6+ Kh7 31. Qf7+ Kh8 32. Qf6+
Kg8 33. Qg6+ 1/2-1/2

[Event "World Cup Knockout ((tie-break)) 2019"]
[Site "Khanty-Mansiysk RUS"]
[Date "2019.09.12"]
[Round "1"]
[White "Wang, Hao"]
[Black "Pridorozhni, Aleksei"]
[Result "1-0"]
[WhiteElo "2726"]
[BlackElo "2599"]
[PlyCount "215"]
[EventDate "2019.09.10"]

1. c4 e6 2. Nc3 f5 3. g3 Nf6 4. Bg2 c6 5. d4 d5 6. Nh3 Be7 7. O-O O-O 8. Nf4
dxc4 9. b3 cxb3 10. Qxb3 Nd5 11. Rd1 Bd6 12. e3 Nxf4 13. exf4 Na6 14. Ba3 Nc7
15. Rac1 Qe7 16. Bxd6 Qxd6 17. Na4 Nd5 18. Nc5 Rf7 19. Nd3 Rc7 20. Ne5 Bd7 21.
h4 Be8 22. Bf3 h6 23. Re1 Kh7 24. Nc4 Qe7 25. Re2 Rd8 26. Rce1 Bf7 27. Ne5 Nf6
28. Qc4 Qf8 29. Kg2 Bg8 30. Re3 Qd6 31. Rd1 Qf8 32. Qa4 a6 33. Qa5 Qe7 34. a3
Bf7 35. Nxf7 Qxf7 36. Rxe6 Qxe6 37. Qxc7 Qd7 38. Qa5 h5 39. Re1 g6 40. Qb4 Nd5
41. Qc5 Kg7 42. Re5 Kf7 43. Qc4 Qd6 44. Qb3 Rd7 45. a4 Kg7 46. Bxd5 cxd5 47. a5
Kf7 48. Kh2 Qc6 49. Qe3 Qd6 50. Qf3 Qc6 51. Kg2 Qd6 52. Qe3 Rc7 53. Qb3 Rd7 54.
Kh3 Qc6 55. Kg2 Qd6 56. Qd3 Qc6 57. g4 hxg4 58. h5 Qf6 59. hxg6+ Kxg6 60. Qe3
Kf7 61. Qd3 Kg6 62. Qe2 Kf7 63. Qc2 Kg6 64. Qc8 Qd8 65. Qc5 Rd6 66. Re8 Qd7 67.
Re5 Qc6 68. Qa3 Qd7 69. Qe3 Kf7 70. Qd3 Rf6 71. Qb3 Rd6 72. Qc2 Rf6 73. Qb3 Rd6
74. Qb1 Kg6 75. Qe1 Rf6 76. Qh1 Re6 77. Qh4 Rxe5 78. Qg5+ Kf7 79. fxe5 Qe6 80.
Kg3 Ke8 81. Kf4 b5 82. axb6 Qxb6 83. Qg8+ Ke7 84. Qxd5 a5 85. Qc4 Qb4 86. Qc7+
Ke6 87. Qc6+ Ke7 88. Qf6+ Ke8 89. Qe6+ Kd8 90. Qg8+ Ke7 91. Qg7+ Ke8 92. Qg8+
Ke7 93. Qg7+ Ke8 94. Qg6+ Ke7 95. Qf6+ Ke8 96. Qc6+ Ke7 97. Qc7+ Ke8 98. Kxf5
Qf8+ 99. Ke6 Qh6+ 100. Kd5 Qh1+ 101. Kd6 Qh6+ 102. Kd5 Qh1+ 103. Kd6 Qh6+ 104.
e6 Qf4+ 105. Kc6 Qe4+ 106. d5 Qc4+ 107. Kb6 Qb4+ 108. Ka6 1-0

[Event "World Cup Knockout ((tie-break)) 2019"]
[Site "Khanty-Mansiysk RUS"]
[Date "2019.09.12"]
[Round "1"]
[White "Shankland, Sam"]
[Black "Safarli, Eltaj"]
[Result "1/2-1/2"]
[WhiteElo "2705"]
[BlackElo "2593"]
[PlyCount "124"]
[EventDate "2019.09.10"]

1. d4 d5 2. c4 c6 3. Nc3 Nf6 4. e3 g6 5. Nf3 Bg7 6. Be2 O-O 7. O-O dxc4 8. Bxc4
Bg4 9. h3 Bxf3 10. Qxf3 Nbd7 11. e4 Nb6 12. Qd3 Nxc4 13. Qxc4 b5 14. Qxc6 Qxd4
15. Be3 Qe5 16. f4 Qe6 17. Qxe6 fxe6 18. e5 Nd5 19. Nxd5 exd5 20. Bc5 Rf7 21.
h4 e6 22. g3 Rc7 23. Bd6 Rc2 24. Rfc1 Rac8 25. Rxc2 Rxc2 26. b4 Rc6 27. a4 Ra6
28. a5 Rc6 29. Bc5 a6 30. Kf2 Bf8 31. Rc1 Kf7 32. g4 h5 33. gxh5 gxh5 34. Ke3
Be7 35. Kd4 Bxh4 36. Rf1 Rc8 37. f5 Rg8 38. Bd6 Rc8 39. Kd3 Bg5 40. Rg1 Rg8 41.
Rg2 exf5 42. Rc2 Bd8 43. Rc6 h4 44. Kd4 h3 45. Kxd5 Rg2 46. e6+ Kf6 47. Be5+
Ke7 48. Rxa6 Rd2+ 49. Bd4 h2 50. Ra7+ Ke8 51. Rh7 Bf6 52. Rxh2 Rxd4+ 53. Kc5
Rh4 54. Ra2 Be7+ 55. Kd5 Rc4 56. a6 Rc8 57. a7 Ra8 58. Kc6 Bxb4 59. Kb7 Rxa7+
60. Kxa7 Ke7 61. Re2 Bc3 62. Kb6 b4 1/2-1/2

[Event "FIDE World Cup 2019"]
[Site "Khanty-Mansiysk RUS"]
[Date "2019.09.13"]
[Round "3"]
[White "Ding, Liren"]
[Black "Movsesian, Sergei"]
[Result "1/2-1/2"]
[WhiteElo "2811"]
[BlackElo "2654"]
[PlyCount "81"]
[EventDate "2019.09.10"]

1. d4 d5 2. c4 c6 3. Nf3 Nf6 4. e3 Bf5 5. Nc3 a6 6. Bd2 e6 7. Qb3 Ra7 8. Nh4
Be4 9. cxd5 cxd5 10. f3 Bg6 11. O-O-O Nc6 12. Nxg6 hxg6 13. Kb1 Be7 14. Rc1 Nd7
15. Bd3 Na5 16. Qa4 Nc6 17. Ne2 Ra8 18. e4 Rc8 19. e5 g5 20. g3 g6 21. a3 Kf8
22. h4 gxh4 23. gxh4 Rxh4 24. Rxh4 Bxh4 25. Rh1 Kg7 26. Qd1 Qe7 27. Qg1 Rh8 28.
Be3 Qd8 29. Nf4 Nf8 30. Qg4 Rh7 31. Rg1 Kh8 32. Nh3 Qb6 33. Ng5 Bxg5 34. Qxg5
Kg8 35. Qf4 Qb3 36. Bc2 Qb5 37. Qf6 Na5 38. Bxg6 fxg6 39. Rxg6+ Nxg6 40. Qxg6+
Kh8 41. Qf6+ 1/2-1/2

[Event "FIDE World Cup 2019"]
[Site "Khanty-Mansiysk RUS"]
[Date "2019.09.13"]
[Round "3"]
[White "Najer, Evgeniy"]
[Black "Giri, Anish"]
[Result "1/2-1/2"]
[WhiteElo "2635"]
[BlackElo "2780"]
[PlyCount "81"]
[EventDate "2019.09.10"]

1. d4 Nf6 2. Bg5 d5 3. Nd2 Nbd7 4. Ngf3 h6 5. Bh4 e6 6. e3 c5 7. c3 Bd6 8. Be2
O-O 9. O-O b6 10. e4 dxe4 11. Nxe4 Be7 12. Nxf6+ Bxf6 13. Bxf6 Nxf6 14. dxc5
bxc5 15. Qxd8 Rxd8 16. Rfd1 Bb7 17. Ne5 Kf8 18. f3 Ke7 19. Kf2 Nd7 20. Nxd7
Rxd7 21. b4 cxb4 22. cxb4 Rc8 23. Rxd7+ Kxd7 24. a4 Rc2 25. h4 a5 26. Kf1 axb4
27. Rb1 Bc6 28. Rxb4 Ra2 29. Bb5 Bxb5+ 30. axb5 Ra7 31. Rg4 g6 32. h5 g5 33.
Rd4+ Ke7 34. Rb4 Kd6 35. Rd4+ Ke5 36. Rd2 Ra1+ 37. Kf2 Rb1 38. Rd7 Rb2+ 39. Kg3
Kf6 40. Rb7 Rb4 41. b6 1/2-1/2

[Event "FIDE World Cup 2019"]
[Site "Khanty-Mansiysk RUS"]
[Date "2019.09.13"]
[Round "3"]
[White "Vachier-Lagrave, Maxime"]
[Black "Kovalenko, Igor"]
[Result "1-0"]
[WhiteElo "2774"]
[BlackElo "2674"]
[PlyCount "171"]
[EventDate "2019.09.10"]

1. e4 c5 2. Nf3 e6 3. d4 cxd4 4. Nxd4 Nf6 5. Nc3 Nc6 6. Nxc6 bxc6 7. e5 Nd5 8.
Ne4 Bb7 9. Be2 c5 10. O-O Qc7 11. Nd6+ Bxd6 12. exd6 Qc6 13. f3 c4 14. Qd4 O-O
15. Bxc4 Qxd6 16. Rd1 Rfc8 17. b3 Qb6 18. Qxb6 Nxb6 19. Bd3 d5 20. a4 Nd7 21.
a5 a6 22. Bb2 Nc5 23. Bf1 Bc6 24. Ra3 f6 25. Bd4 Nb7 26. c4 Kf7 27. Bb6 Nd6 28.
Ra2 h5 29. h4 Nf5 30. Rc2 Bb7 31. Bf2 Rab8 32. Rcd2 Ne7 33. Ba7 Ra8 34. Bb6 Bc6
35. Kf2 Rcb8 36. Rc1 Rb7 37. cxd5 Bxd5 38. b4 Bb3 39. Rd6 Bd5 40. b5 axb5 41.
Bxb5 Rc8 42. Rb1 Rc2+ 43. Kg1 Nc8 44. Rd7+ Rxd7 45. Bxd7 Nd6 46. Ra1 Nf5 47.
Bf2 g5 48. Ba4 Rc8 49. hxg5 fxg5 50. Bd1 Rg8 51. a6 g4 52. fxg4 hxg4 53. a7 g3
54. Be1 Nh4 55. Bh5+ Kf6 56. Bc3+ Kg5 57. Bf7 Rc8 58. Bxe6 Bxe6 59. a8=Q Rxa8
60. Rxa8 Nf5 61. Bd2+ Kg4 62. Ra5 Bb3 63. Rc5 Ba2 64. Kf1 Nd6 65. Rg5+ Kh4 66.
Re5 Bb1 67. Ke2 Nc4 68. Rd5 Ba2 69. Rd4+ Kh5 70. Kf3 Ne5+ 71. Kxg3 Kg6 72. Kf4
Nf7 73. Ra4 Bb1 74. Ra6+ Kh7 75. g4 Bd3 76. Rb6 Bc2 77. Bc3 Bd3 78. Rb8 Bc2 79.
Rf8 Bb3 80. Kf5 Nh6+ 81. Kg5 Nf7+ 82. Kf6 Nh6 83. Rc8 Bc2 84. Bd2 Nxg4+ 85. Kg5
Bd1 86. Bc3 1-0

[Event "FIDE World Cup 2019"]
[Site "Khanty-Mansiysk RUS"]
[Date "2019.09.13"]
[Round "3"]
[White "Demchenko, Anton"]
[Black "So, Wesley"]
[Result "1/2-1/2"]
[WhiteElo "2655"]
[BlackElo "2767"]
[PlyCount "67"]
[EventDate "2019.09.10"]

1. d4 d5 2. Nf3 Nf6 3. Bf4 e6 4. e3 Bd6 5. Nbd2 O-O 6. Bd3 b6 7. Ne5 c5 8. c3
Ba6 9. Bxa6 Nxa6 10. h4 Qc7 11. h5 Nd7 12. h6 g6 13. Nxd7 Qxd7 14. Bxd6 Qxd6
15. Qe2 Nb8 16. Rd1 cxd4 17. exd4 Nc6 18. Nf3 f6 19. O-O Rae8 20. g3 Nd8 21.
Kg2 Nf7 22. Rh1 Kh8 23. Qe3 g5 24. Nh2 Nxh6 25. Qf3 Qd7 26. Qh5 Qg7 27. Rde1
Re7 28. Ng4 Nxg4 29. Qxg4 Rfe8 30. Rh5 Qg6 31. f4 Qf5 32. Qxf5 exf5 33. Rxe7
Rxe7 34. fxg5 1/2-1/2

[Event "FIDE World Cup 2019"]
[Site "Khanty-Mansiysk RUS"]
[Date "2019.09.13"]
[Round "3"]
[White "Nepomniachtchi, Ian"]
[Black "Predke, Alexandr"]
[Result "1/2-1/2"]
[WhiteElo "2776"]
[BlackElo "2657"]
[PlyCount "87"]
[EventDate "2019.09.10"]

1. e4 e5 2. Nf3 Nc6 3. Bb5 Nf6 4. d3 d6 5. O-O Bd7 6. d4 Nxd4 7. Bxd7+ Qxd7 8.
Nxd4 exd4 9. Qxd4 Be7 10. c4 O-O 11. Nc3 Qe6 12. f3 Nd7 13. b3 Bf6 14. Qd2 Bxc3
15. Qxc3 Qe5 16. Bb2 Qxc3 17. Bxc3 a5 18. Rfd1 f6 19. Kf2 Rfe8 20. h4 Kf7 21.
g4 h6 22. h5 Nc5 23. Bd4 b6 24. Rab1 Re7 25. Kg3 Ree8 26. Be3 Nd7 27. a3 Ra6
28. Rbc1 Nc5 29. Rc3 Ra7 30. Bf2 Re7 31. Re3 Ra8 32. Rde1 Nd7 33. f4 Rae8 34.
Kf3 Nf8 35. b4 Ne6 36. Rc3 axb4 37. axb4 Ra8 38. c5 bxc5 39. bxc5 Nxc5 40. Bxc5
dxc5 41. Rxc5 Ra4 42. e5 fxe5 43. fxe5 Ke6 44. Re3 1/2-1/2

[Event "FIDE World Cup 2019"]
[Site "Khanty-Mansiysk RUS"]
[Date "2019.09.13"]
[Round "3"]
[White "Maghsoodloo, Parham"]
[Black "Aronian, Levon"]
[Result "0-1"]
[WhiteElo "2664"]
[BlackElo "2758"]
[PlyCount "84"]
[EventDate "2019.09.10"]

1. e4 e5 2. Nf3 Nc6 3. Bb5 Nf6 4. d3 Bc5 5. c3 O-O 6. O-O Re8 7. Bg5 a6 8. Ba4
h6 9. Bh4 g5 10. Bg3 b5 11. Bb3 d6 12. Nbd2 Bb6 13. Re1 Ne7 14. a4 Rb8 15. d4
Ng6 16. a5 Ba7 17. h3 Bd7 18. Qc2 Nh5 19. Nf1 c5 20. dxc5 Bxc5 21. N3h2 b4 22.
Ng4 bxc3 23. bxc3 Bxg4 24. hxg4 Nf6 25. Bc4 Nxg4 26. Bxa6 h5 27. Be2 Nf6 28.
Bh2 h4 29. Bd1 g4 30. Ne3 g3 31. fxg3 d5 32. gxh4 d4 33. cxd4 Bxd4 34. Ra3 Rb2
35. Qc1 Nxe4 36. Qc6 Nd6 37. Kh1 Qxh4 38. Rf1 Rf2 39. Qxd6 Bxe3 40. Qa6 Re6 41.
Qc8+ Kg7 42. Rg1 Bf4 0-1

[Event "FIDE World Cup 2019"]
[Site "Khanty-Mansiysk RUS"]
[Date "2019.09.13"]
[Round "3"]
[White "Abasov, Nijat"]
[Black "Dominguez Perez, Leinier"]
[Result "1/2-1/2"]
[WhiteElo "2632"]
[BlackElo "2763"]
[PlyCount "65"]
[EventDate "2019.09.10"]

1. d4 Nf6 2. c4 e6 3. g3 d5 4. Bg2 Be7 5. Nf3 O-O 6. O-O dxc4 7. Qc2 a6 8. a4
Bd7 9. Ne5 Bc6 10. Nxc6 Nxc6 11. e3 Na5 12. Nd2 c5 13. dxc5 Rc8 14. b4 cxb3 15.
Nxb3 Nxb3 16. Qxb3 Nd7 17. Ba3 Nxc5 18. Bxc5 Rxc5 19. Qxb7 a5 20. Rfd1 Qc7 21.
Qxc7 Rxc7 22. Rac1 Rfc8 23. Rxc7 Rxc7 24. Bf1 g6 25. Bb5 Bb4 26. Kg2 h5 27. h4
Rc2 28. Kf1 Kg7 29. Rd7 Rc1+ 30. Ke2 Rc2+ 31. Kf1 Rc1+ 32. Ke2 Rc2+ 33. Kf1
1/2-1/2

[Event "FIDE World Cup 2019"]
[Site "Khanty-Mansiysk RUS"]
[Date "2019.09.13"]
[Round "3"]
[White "Grischuk, Alexander"]
[Black "Bok, Benjamin"]
[Result "1/2-1/2"]
[WhiteElo "2759"]
[BlackElo "2640"]
[PlyCount "68"]
[EventDate "2019.09.10"]

1. d4 Nf6 2. c4 e6 3. Nf3 d5 4. g3 dxc4 5. Bg2 c6 6. Ne5 Bb4+ 7. Bd2 Be7 8. Bf4
Bb4+ 9. Bd2 Be7 10. Bf4 Bb4+ 11. Kf1 O-O 12. Nxc4 Nd5 13. a3 Be7 14. Nc3 Nd7
15. Rc1 N7b6 16. Nxb6 axb6 17. Bd2 b5 18. e3 Nb6 19. Ne2 Nc4 20. Bc3 Bf6 21. h3
Re8 22. Kg1 e5 23. Qc2 Be6 24. Rd1 Qc7 25. Kh2 h5 26. d5 cxd5 27. Bxd5 h4 28.
g4 Bxd5 29. Rxd5 Qc6 30. Rhd1 Rac8 31. Qb1 Nb6 32. R5d2 Nc4 33. Rd5 Nb6 34.
R5d2 Nc4 1/2-1/2

[Event "FIDE World Cup 2019"]
[Site "Khanty-Mansiysk RUS"]
[Date "2019.09.13"]
[Round "3"]
[White "Sjugirov, Sanan"]
[Black "Radjabov, Teimour"]
[Result "1/2-1/2"]
[WhiteElo "2662"]
[BlackElo "2758"]
[PlyCount "84"]
[EventDate "2019.09.10"]

1. d4 Nf6 2. c4 e6 3. Nf3 d5 4. Nc3 Be7 5. Bf4 O-O 6. e3 Nbd7 7. c5 Nh5 8. Bd3
Nxf4 9. exf4 b6 10. b4 a5 11. a3 c6 12. O-O Ba6 13. g3 Bf6 14. Qc2 Bxd3 15.
Qxd3 Ra7 16. Na4 axb4 17. axb4 Qa8 18. Nxb6 Nxb6 19. Rxa7 Qxa7 20. cxb6 Qxb6
21. Rc1 g6 22. Qc3 Rb8 23. Qxc6 Qxc6 24. Rxc6 Rxb4 25. Rc8+ Kg7 26. Rc7 h6 27.
Ne5 Bxe5 28. dxe5 Re4 29. h4 g5 30. hxg5 hxg5 31. fxg5 Rxe5 32. f4 Re2 33. Kf1
Ra2 34. Rb7 Kg6 35. Rc7 f6 36. Rc6 Kf5 37. gxf6 Kxf6 38. g4 Ra4 39. f5 Rxg4 40.
fxe6 Re4 41. Kf2 Rxe6 42. Rxe6+ Kxe6 1/2-1/2